000 00318nam a22001217a 4500
040 _cRUA
082 _aRUA CHA 2014 C108 Or.
100 _aHUOT CHANTHY,
245 _aKhmer Wordlist New Headway Elementary Fourth Edition First Edition,
260 _aPHNOM PENH
_bRUA
_c2014
300 _a54p.
_bill.
_c22cm,
942 _cEK
999 _c25450
_d25450